000 00721nam a2200265 i 4500
001 bg
100 1 _aJarocka, Ewa.
245 0 0 _aFinanse :
_bpodręcznik.
_nCz. 1,
_pWykład : finanse systemu bankowego, budżetowego, ubezpieczeń, przedsiębiorstw /
_cEwa Jarocka.
260 _aWarszawa :
_b"Difin",
_c2001.
300 _a330 s. ;
_c24 cm.
490 1 _aEdukacja
504 _aBibliogr.
650 4 _aFinanse
655 _aPodręczniki
830 _aEdukacja
020 _a837251190X
040 _cBPK
041 0 _apl
080 _a336
080 _a(07)
920 _a83-7251-190-X
942 _cKS
008 s pl f |000 0 pol
999 _c40130
_d40130
856 _uhttp://koha.tu.koszalin.pl/cgi-bin/koha/opac-detail.pl?biblionumber=40130
_yKatalog online BPK